Szczegóły MARC21

Sprechen, Schreiben, Mitreden : ein Űbungsbuch zum Training von Vortrag und Aufsatz in der Oberstufe

005 -DATA I CZAS OSTATNIEJ MODYFIKACJI [,]
    • @
    • pole kontrolne
    • 20071107130122.0
020 -Międzynarod. znormalizowany nr książki - ISBN [ , ]
    • a
    • Numer ISBN
    • 9607507339 Find
040 -Instytucja sporządzająca opis [ , ]
    • a
    • Instytucja, która sporządziła opis (NP)
    • SZCZ U/ET
    • c
    • Instytucja, która sporządziła rekord (NP)
    • SZCZ U/ET
    • d
    • Instytucja, która zmodyfikowała rekord (P)
    • SZCZ U/KP
041 -Język dokumentu [0, ]
    • a
    • Język tekstu (P)
    • niemiecki
044 -Kraj miejsca wydania [ , ]
    • a
    • Kraj miejsca wydania
    • Grecja
942 -Rodzaj dokumentu [ , ]
    • c
    • Rodzaj dokumentu
    • Książka
100 -Hasło główne - nazwa osobowa [1, ]
    • a
    • Nazwa osobowa (NP)
    • Glotz-Kastanis, Jo
245 -Strefa tytułu i oznaczenia odpowiedzialności [1,0]
    • a
    • Tytuł
    • Sprechen, Schreiben, Mitreden : Find
    • b
    • Ciąg dalszy tytułu (NP)
    • ein Űbungsbuch zum Training von Vortrag und Aufsatz in der Oberstufe Find
    • c
    • Pozostałe elementy strefy tytułu i oznaczenia odpowiedzialności (NP)
    • Jo Glotz-Kastanis, Doris Tippmann. -
250 -Strefa wydania [ , ]
    • a
    • Oznaczenie wydania (NP)
    • 2 Auflage.
260 -Strefa adresu wydawniczego [ , ]
    • a
    • Miejsce wydania (P)
    • Athen :
    • b
    • Nazwa wydawcy (P)
    • Karabatos-Verlag,
    • c
    • Data wydania (P)
    • 2003. -
300 -Strefa opisu fizycznego [ , ]
    • a
    • Określenie formy książki i/lub objętość (NP)
    • 294 s. :
    • b
    • Oznaczenie ilustracji (NP)
    • il. ;
    • c
    • Format (NP)
    • 29 cm.
080 -Uniwersalna Klasyfikacja Dziesiętna [ , ]
    • 2
    • Identyfikator wydania tablic
    • UDC-PO22
    • a
    • Symbol klasyfikacji
    • 811.112.2
    • b
    • Dopowiedzenie
    • Język niemiecki.
    • x
    • Poddział wspólny
    • (078)
    • b
    • Dopowiedzenie
    • Dokumenty przeznaczone do nauczania. Rozmówki.
980 -Symbol UKD [ , ]
    • a
    • UKD
    • 811.112.2(078)
700 -Hasło dodatkowe - nazwa osobowa [1, ]
    • a
    • Nazwa osobowa (NP)
    • Tippmann, Doris Find
920 -ISBN [ , ]
    • a
    • ISBN
    • 960-7507-33-9 Find
Lokalizacja Data inwentaryzacji Status udost. Numer inwentarzowy Sygnatura
BM2007-11-06-3G.18510Germ. Nauka jęz.-podręczniki 26